000 00400 a2200157 4500
001 75164
020 _a9788578416850
040 _cAnchieta - Colégio São Paulo
100 _aMoreira, José Ricardo
240 1 0 _aA casa da rua das sombra : prepare, 4º ano
_lpor
245 1 0 _aA casa da rua das sombra : prepare, 4º ano
300 _a72
362 0 _a2011
650 4 _aPortuguês
942 _cBK
999 _c75164
_d75164